| 000 | 00777nam a2200229 a 4500 | ||
|---|---|---|---|
| 020 | _a2853622185 (Cemagref) | ||
| 020 | _a2852067390 (LavoisierTec et Doc) | ||
| 040 | _cDLC | ||
| 082 | _a631 CEM 1991 A038 Or. | ||
| 245 | 0 | 0 | _aLexique illustré du machinisme et des équipements agricoles / |
| 250 | _a3. ed. | ||
| 260 |
_aAntony (France) : _bCemagref-Dicova ; _aCachan (France) : _bLavoisier-Tec et Doc, _cc1991. |
||
| 300 |
_a350 p. : _bill. ; _c24 cm. |
||
| 500 | _aIncludes index. | ||
| 650 | 0 | _aAgricultural machinery | |
| 650 | 0 | _aFarm equipment | |
| 650 | 0 | _aAgricultural machinery | |
| 650 | 0 | _aFarm equipment | |
| 700 | 1 | _aCédra, Camille. | |
| 710 | 2 | _aCentre national du machinisme agricole, du génie rural, des eaux et des forêts (France) | |
| 942 | _cFB | ||
| 999 |
_c11571 _d11571 |
||